Statistics for Countries of the World by National Airline Logo

Click here to take the quiz!

General Stats

  • This quiz has been taken 509 times
    (65 since last reset)
  • The average score is 65 of 154

Answer Stats

Answer% Correct
Canada
94%
Malaysia
90%
South Korea
90%
Finland
88%
United Arab Emirates
88%
Russia
86%
Uganda
84%
Ireland
80%
Japan
80%
Malawi
80%
Saudi Arabia
80%
Croatia
76%
Germany
76%
Italy
76%
United States
76%
Peru
74%
Netherlands
72%
Norway
72%
Switzerland
72%
Brunei
70%
Greece
70%
South Africa
70%
Ethiopia
68%
France
68%
Latvia
68%
United Kingdom
68%
Bahrain
66%
Belgium
66%
Indonesia
66%
Namibia
66%
Portugal
66%
Austria
64%
Bulgaria
64%
Moldova
64%
Poland
64%
Solomon Islands
64%
Thailand
64%
Australia
62%
Brazil
62%
Israel
62%
Kazakhstan
62%
Luxembourg
62%
Qatar
62%
Eritrea
60%
Jordan
60%
Singapore
60%
Malta
56%
Mexico
56%
Morocco
56%
New Zealand
56%
Spain
56%
Turkey
56%
Vietnam
56%
Cape Verde
54%
Fiji
54%
Mauritius
54%
Belarus
52%
Argentina
50%
Nauru
50%
Egypt
48%
North Korea
48%
Botswana
46%
India
46%
Papua New Guinea
46%
Paraguay
46%
Bangladesh
44%
Bolivia
44%
China
44%
Lebanon
44%
Montenegro
44%
Zambia
44%
Haiti
42%
Madagascar
42%
Panama
42%
Philippines
42%
Albania
40%
Ghana
40%
Iceland
40%
Ivory Coast
40%
Nepal
40%
Seychelles
40%
Ukraine
38%
Estonia
36%
Senegal
36%
Serbia
36%
Slovenia
36%
Vanuatu
36%
Zimbabwe
36%
Bhutan
34%
Kuwait
34%
Mongolia
34%
Bosnia and Herzegovina
32%
Georgia
32%
Benin
30%
Czech Republic
30%
Hungary
30%
Laos
30%
Rwanda
30%
Timor-Leste
30%
Angola
28%
Eswatini
28%
Kenya
28%
Bahamas
26%
Cyprus
26%
Gambia
26%
Sri Lanka
26%
Tunisia
26%
Turkmenistan
26%
Chad
24%
Cuba
24%
Jamaica
24%
Armenia
22%
Ecuador
22%
Gabon
22%
Mali
22%
Uzbekistan
22%
Guyana
20%
Samoa
20%
Venezuela
20%
Yemen
20%
Denmark
18%
Equatorial Guinea
18%
Iran
18%
Iraq
18%
Mozambique
18%
Romania
18%
Slovakia
18%
Azerbaijan
16%
Cambodia
16%
Maldives
16%
Syria
16%
Togo
16%
Libya
14%
Oman
14%
Sudan
14%
Taiwan
14%
Dominican Republic
12%
Lithuania
12%
Tanzania
12%
Afghanistan
10%
Algeria
10%
Monaco
10%
Myanmar
10%
Saint Vincent and the Grenadines
10%
São Tomé and Principe
10%
Belize
8%
Burkina Faso
8%
Cameroon
8%
Djibouti
8%
Honduras
8%
Kiribati
8%
Pakistan
8%
Republic of the Congo
8%
Suriname
8%

Score Distribution

Percentile by Number Answered

Percent of People with Each Score

Your Score History

You have not taken this quiz since the last reset